01099nac a22002771i 4500003000900000005001700009008004100026020001500067040004300082082002000125100003400145245014600179264004000325300004700365336002600412337002800438338002700466490006300493504005200556650003000608650002900638655001700667942001200684999001500696952011000711EG-ScBUE20250720110752.0250709s1976 nyua f b 001 0 eng d a012205850X aEG-ScBUEbengerdacEG-ScBUEdEG-ScBUE04a541.28bDAV2221 aDavidson, Ernest R.,eauthor.10aReduced density matrices in quantum chemistry /cErnest Roy Davidson, Department of Chemistry, University of Washington, Seattle, Washington. 1aNew York : bAcademic Press,c1976. aviii, 135 pages :billustrations ;c24 cm. 2rdacontentatextbtxt aunmediated2rdamediabn avolumebnc2rdacarrier0 aTheoretical chemistry : a series of monographs ;vvolume 6 aIncludes bibliographical references and index.  7aQuantum chemistry.2BUEsh 7aDensity matrices.2BUEsh vReading book cBB2ddc c1763d1763 00102ddc4070aMAINbMAINc1STd2013-12-06eDonationl0o541.28 DAVp000002554r2025-07-15 00:00:00yBB